[Event "US-ch Women 2018"]
[Site "Saint Louis"]
[Date "2018.04.23"]
[Round "6"]
[White "Wang, Annie"]
[Black "Derakhshani, Dorsa"]
[Result "1-0"]
[WhiteElo "2321"]
[BlackElo "2306"]
[Annotator "TA"]
[PlyCount "113"]
[EventDate "2018.??.??"]
[EventType "tourn"]
[EventCountry "USA"]
[SourceTitle "playchess.com"]
[Source "ChessBase"]
[SourceQuality "1"]

{[%evp 19,113,21,17,0,0,0,31,28,42,27,32,16,9,7,11,0,39,15,30,0,0,0,0,0,0,0,22,19,16,17,20,20,25,25,27,14,42,52,44,0,0,0,0,0,97,97,97,97,98,108,106,25,57,22,220,216,288,295,288,288,291,291,256,233,235,54,153,127,2181,1825,2582,2317,12835,11955,12838,12839,12843,12843,12845,12846,12846,12846,29978,29978,29979,29980,29980,29979,29979,29979,29979,29980,29980,29979,29980,29980]} 1. d4 Nf6 2. c4 e6 3. Nc3 Bb4 4. Qc2 O-O 5. a3 Bxc3+ 6. Qxc3 b6 7. Bg5 h6 8. Bh4 Ba6 {E32: Nimzo-Indian: Classical (4 Qc2): 4...0-0} 9. e3 d5 10. Nf3 Nbd7 {LiveBook: 5 Games. The position is equal.} 11. Bd3 c5 12. cxd5 cxd4 $146 ({Predecessor:} 12... Bxd3 13. Qxd3 exd5 14. O-O c4 15. Qc3 Qc8 16. Nd2 {½-½ (29) Johannessen,L (2559)-Gonzalez Zamora,J (2521) Turin 2006}) 13. Nxd4 Bxd3 14. Qxd3 Nc5 15. Qe2 {Black should prevent Nc6.} g5 16. Bg3 {aiming for dxe6.} Qxd5 17. O-O Nfe4 18. Rfd1 {[%cal Bf1d1,Bd1d2,Bd2d7][%mdl 32]} Rfd8 19. Rac1 Nxg3 20. hxg3 Nb3 $1 {[%cal Rb3c1]} 21. Nxb3 Qxb3 22. Rd2 Rac8 23. Rxc8 Rxc8 $11 {[%mdl 4096] Endgame KQR-KQR} 24. Qh5 {And now Rd7 would win.} Kg7 ({But not} 24... Rc1+ $6 25. Kh2 $18) 25. Rd7 Rf8 26. Qe2 $36 {[%mdl 2048] Black is under pressure.} a5 27. Qd2 Qc4 28. Rb7 Qc5 29. b4 axb4 30. axb4 Qe5 31. Rxb6 Ra8 {[#]} (31... Qa1+ $11 32. Kh2 Rc8) 32. Rc6 $1 $16 Qd5 33. Qxd5 Ra1+ 34. Kh2 {Qe5+ would kill now.} exd5 {[#] KR-KR} 35. Rc5 (35. g4 $1 $16) 35... Ra2 36. f4 gxf4 $2 (36... Rd2 $11 {and Black stays safe.}) 37. gxf4 $18 Ra3 38. Rxd5 Rxe3 39. b5 Rb3 40. g3 {[%cal Bg2g3,Bg3g4][%mdl 32]} Rb2+ 41. Kh3 Rb4 42. Kg4 $2 (42. Kg2 $18) 42... Rb3 (42... Kg6 $1 $14) 43. Rc5 $16 Kh7 $2 {[%mdl 8192]} (43... Kf8 $16 44. Re5 Kg7) 44. Kf5 $18 Kg7 45. g4 Rb4 46. Ke5 f6+ 47. Kd6 Rxf4 48. b6 Rxg4 49. b7 Rb4 50. Kc6 Rxb7 51. Kxb7 {KR-KPP. White mates.} Kg6 52. Kc6 h5 53. Kd5 Kf5 54. Kd4+ Kg4 55. Ke3 h4 56. Kf2 f5 57. Kg2 {Precision: White = 66%, Black = 37%.} 1-0

[Event "US-ch Women 2018"]
[Site "Saint Louis"]
[Date "2018.04.23"]
[Round "6"]
[White "Foisor, Sabina-Francesca"]
[Black "Sharevich, Anna"]
[Result "0-1"]
[WhiteElo "2308"]
[BlackElo "2281"]
[Annotator "TA"]
[PlyCount "142"]
[EventDate "2018.??.??"]
[EventType "tourn"]
[EventCountry "USA"]
[SourceTitle "playchess.com"]
[Source "ChessBase"]
[SourceQuality "1"]

{[%evp 21,142,0,0,0,0,-6,37,-11,-20,-43,0,-1,0,0,0,0,7,9,20,19,37,-30,20,37,39,40,54,0,11,-24,-31,-42,-42,-42,-34,-42,-42,-130,-133,-165,-156,-381,-196,-268,-241,-233,-127,-122,-128,-123,-14,-106,-91,-87,-99,-116,-80,-87,-87,-115,-79,-74,-74,-77,-71,-85,-59,-59,-59,-114,-59,-145,-145,-176,-165,-157,-155,-176,-95,-95,-95,-95,-95,-95,-95,-95,-55,-55,-55,-76,-75,-98,-98,-101,-104,-118,-118,-118,-118,-179,-179,-179,-179,-179,-179,-179,-179,-179,-179,-29982,-29983,-29983,-29983,-29983,-29984,-29984,-29985,-29985,-29986,-29986,-29987,-29989,-29990]} 1. d4 d5 2. c4 e6 3. Nc3 Nf6 4. Nf3 Nbd7 5. Bg5 Be7 6. e3 h6 7. Bh4 O-O 8. Rc1 c6 9. Bd3 dxc4 10. Bxc4 a6 11. a3 {D66: Queen's Gambit Declined: Classical: Main Line (7 Rc1 c6 8 Bd3)} b5 {LiveBook: 3 Games} 12. Ba2 Bb7 13. O-O {The position is equal.} a5 $146 ({Predecessor:} 13... Rc8 14. b4 a5 15. Rb1 axb4 16. axb4 Nd5 17. Nxd5 exd5 18. Bxe7 Qxe7 19. Qd2 Ra8 20. Ne1 Ra3 21. Nc2 Rxa2 {0-1 (21) Schwarz,D (2295)-Dragnev,V (2458) Katowice 2017}) 14. Re1 b4 15. Nb1 Ne4 16. Bxe7 Qxe7 17. Ne5 Nxe5 18. dxe5 c5 19. f3 Rfd8 20. Qc2 Ng5 21. e4 (21. Nd2 $14) 21... a4 22. Bc4 $1 Rd4 23. Bf1 Rc8 24. Qf2 (24. Qxa4 $14 Nh7 25. Red1) 24... Rcd8 25. Rc2 b3 $36 {[%mdl 2048] Black has the initiative.} 26. Rcc1 Nh7 27. Nc3 Nf8 28. Qe3 Ng6 29. Nb5 (29. f4 $15) 29... Rd2 $17 30. Nd6 Rxb2 31. Qxc5 $2 (31. f4 $17) 31... Ba8 (31... Qg5 $142 {...Ba6! is the strong threat.} 32. Qc3 (32. Nxb7 $2 Rdd2 $19) 32... Ra2) 32. Qd4 (32. Kh1 {was necessary.}) 32... Ra2 $1 $19 33. Qxa4 Nxe5 (33... b2 $19 34. Rb1 Nxe5) 34. Qxb3 $17 Qa7+ 35. Kh1 Rxa3 (35... Nxf3 $1 $17 {( -> ...Qg1#)} 36. Qxf3 (36. gxf3 $2 Qf2 $19) 36... Rxd6 37. Rc8+ Kh7) 36. Qb2 (36. Nc8 $11 {keeps the balance.}) 36... Nxf3 $1 37. gxf3 Rxd6 38. Ra1 Rxa1 39. Rxa1 Qb7 40. Qb5 {Black must now prevent Qe8+.} Rd8 (40... Qc8 {is interesting.} 41. Qe5 Rc6 42. Be2 Rc1+ 43. Rxc1 Qxc1+ 44. Kg2 Bc6) 41. Qxb7 Bxb7 {[%mdl 4096] Endgame KRB-KRB} 42. Rb1 Bc6 43. Kg2 g5 44. Kg3 Kg7 45. Rb6 ({White should play} 45. h4 $15) 45... Ba4 (45... Rd1 $1 $17 {Strongly threatening ...Bxe4.} 46. Bc4 Bd7) 46. Rb4 (46. h4 $15) 46... Bd1 47. f4 Rd2 48. fxg5 hxg5 49. e5 Rd5 (49... Ra2 $19 50. Rd4 Bh5) 50. Re4 Bc2 51. Re3 Rd4 52. Bg2 Bf5 53. h3 f6 54. exf6+ Kxf6 55. Bf3 e5 {[%cal Be6e5,Be5e4][%mdl 32]} 56. Rb3 e4 57. Rb6+ Ke5 58. Rb5+ Rd5 59. Rxd5+ Kxd5 {KB-KB} 60. Be2 (60. Bg2 $17) 60... Kd4 $19 61. h4 Ke3 62. Bb5 gxh4+ 63. Kxh4 Kd2 64. Kg5 Bh7 $1 {Threatens to win with ...e3.} 65. Bc6 $2 (65. Kh6 $19) 65... e3 {Black mates.} 66. Bf3 {[#]} Be4 $1 {[%mdl 512]} 67. Bg4 (67. Bxe4 e2) 67... Bd3 ({Weaker is} 67... e2 68. Bxe2 $1 $11 {[%mdl 512]}) 68. Kf4 Be2 $1 ({And not} 68... e2 69. Bxe2 $1 $11 {[%mdl 512]}) 69. Bh3 Bd1 70. Bf1 {[#]} Bc2 $1 ({Stronger than} 70... e2 {[#]} 71. Bxe2 $1 $11 {[%mdl 512]}) 71. Kf3 Bd3 {Precision: White = 44%, Black = 51%.} 0-1

[Event "US-ch Women 2018"]
[Site "Saint Louis"]
[Date "2018.04.23"]
[Round "6"]
[White "Goletiani, Rusudan"]
[Black "Yu, Jennifer"]
[Result "0-1"]
[WhiteElo "2306"]
[BlackElo "2367"]
[Annotator "TA"]
[PlyCount "176"]
[EventDate "2018.??.??"]
[EventType "tourn"]
[EventCountry "USA"]
[SourceTitle "playchess.com"]
[Source "ChessBase"]
[SourceQuality "1"]

{[%evp 19,176,0,0,-8,-8,-45,-3,-1,0,-7,0,-30,-10,-25,-25,-24,0,0,0,0,5,5,14,14,22,17,43,28,34,15,23,25,31,26,76,60,45,61,85,20,33,-11,0,-116,-120,-117,-120,-142,-180,-283,-156,-159,-108,-102,-107,-137,0,-218,-220,-217,-220,-211,-211,-199,-156,-249,-228,-283,-284,-282,-260,-221,-211,-410,-386,-531,-571,-565,-554,-495,-365,-354,-336,-336,-311,-282,-219,-221,-221,-221,-221,-221,-221,-221,-221,-221,-221,-221,0,0,0,0,0,0,0,0,0,-439,-424,-417,-378,-901,-893,-871,-841,-729,-737,-721,-721,-651,-612,-455,-218,-852,-759,-570,-609,-526,-510,-12831,-12832,-12837,-12829,-12824,-12827,-11852,-6725,-9228,-1038,-12817,-7264,-12830,-12824,-12842,-12837,-12841,-12842,-12842,-12843,-12843,-12843,-12847,-12847,-12850,-12850,-12850,-29987,-29988,-29987]} 1. Nf3 d5 2. c4 c6 3. e3 Nf6 4. b3 Bg4 5. Bb2 e6 6. Be2 Nbd7 7. h3 Bh5 8. O-O Bd6 9. Nc3 O-O 10. Rc1 {A12: English Opening: 1...c6 with b3 by White} Qe7 {LiveBook: 5 Games} 11. cxd5 (11. Nd4 Bxe2 12. Qxe2 a6 13. cxd5 cxd5 14. f4 Ba3 15. Bxa3 Qxa3 16. Nc2 Qd6 17. Nd4 Rac8 {0-1 (62) Piorun,K (2657)-Vitiugov,N (2726) Tallinn 2016}) 11... exd5 12. Nd4 {The position is equal.} Bxe2 ({Not} 12... Qe5 13. f4 $16) 13. Ncxe2 $146 ({Predecessor:} 13. Qxe2) 13... g6 14. Ba1 Ne4 15. f4 (15. d3 {with more complications.} Nef6 16. Nf3 Rfe8 17. Qd2 Ba3 18. Bb2) 15... f5 16. Qc2 Bb4 17. Nc3 Nxc3 18. Bxc3 Bxc3 (18... Ba3 {seems wilder.} 19. Rce1 a5 20. Nf3 Nf6 21. d3 Bc5) 19. Qxc3 Rfe8 20. b4 Qg7 21. Qb3 Qf7 22. Nf3 h6 23. Kh2 Re4 24. a3 a6 25. Rf2 Rae8 26. Rg1 Kf8 {[%cal Bg8f8,Bf8e7,Be7d8,Bd8c8][%mdl 32]} 27. g4 fxg4 28. Rxg4 Ke7 29. Rg1 (29. Rg3 $16) 29... Kd8 $11 30. Nd4 g5 {[%cal Rg5f4]} 31. f5 (31. Rfg2 $11) 31... Nf6 $17 32. Qd1 Rh4 $1 {And now ...Qc7+ would win.} 33. Ne6+ Kc8 $1 ({Reject} 33... Rxe6 $6 34. fxe6 Ng4+ 35. Qxg4 $15) 34. d3 (34. Rff1 $142) 34... g4 (34... Rxe6 $19 35. fxe6 Ng4+ 36. Qxg4 Qxf2+ 37. Rg2 Qxe3) 35. Rg3 Qh5 (35... Rg8 $142 {Strongly threatening ...Nh5.} 36. Nf4 Rg5) 36. Nf4 Qxf5 {Threatens to win with ...gxh3.} 37. Qf1 gxh3 {[#]} (37... Qg5 $1 $17 38. a4 Re7) 38. Ng6 $2 (38. Nxd5 $1 $11 {[%mdl 512]} Qxd5 (38... cxd5 39. Rc2+) 39. Rxf6) 38... Ng4+ $19 39. Rxg4 Qxg4 40. Nxh4 Qxh4 {[%mdl 4096] Endgame KQR-KQR} 41. Rf3 Rg8 42. Rxh3 (42. Qxh3+ $17 Qxh3+ 43. Rxh3) 42... Qg5 43. Rf3 Qe5+ 44. Kh1 Rg5 45. Rh3 Rf5 46. Qg2 $2 (46. Rf3 Rg5 47. Rh3) 46... Qf6 47. Qg8+ Kc7 48. Qg3+ Kb6 49. e4 Qa1+ 50. Qg1+ Qxg1+ 51. Kxg1 dxe4 52. dxe4 {KR-KR} Re5 53. Re3 Kb5 54. Kf2 Kc4 55. Kf3 Kd4 56. Re1 {[#]} Re7 $1 57. Rd1+ Ke5 58. Rh1 {[#]} Rf7+ $2 ({Better is} 58... Rh7 $1 $19 59. Rh5+ Kd4) 59. Ke3 $11 Rh7 60. Rh5+ Kf6 61. Kf4 Kg6 62. Rh1 h5 {[%cal Bh6h5,Bh5h4,Bh4h3][%mdl 32]} 63. Rg1+ $2 {[%mdl 8192]} (63. Ke5 $1 $11 {and White stays safe.}) 63... Kf7 $19 64. Ke5 Ke7 65. Rg6 $2 (65. Rg3 h4 66. Rh3) 65... h4 66. Re6+ Kd7 67. Rd6+ Ke8 68. Rd2 h3 69. Rh2 Ke7 70. Kf5 Rf7+ (70... Rh8 $142 71. Ke5 b6) 71. Kg4 $2 (71. Ke5 Rh7 72. Kf5) 71... Ke6 72. Rxh3 Ke5 73. Re3 Rf4+ 74. Kg5 (74. Kg3 $142 Rxe4 75. Rb3) 74... Rxe4 75. Rd3 Rd4 76. Re3+ Kd6 77. Kf5 Rd1 78. Ke4 Kc7 79. Rc3 Kb6 80. Rc5 Ra1 81. Ra5 Ka7 82. Kd4 b5 83. Kc3 Kb6 84. Kb2 Rh1 85. a4 Rh4 86. axb5 Rxb4+ 87. Kc3 Kxa5 88. bxc6 Rb6 {Precision: White = 39%, Black = 61%.} 0-1

[Event "US-ch Women 2018"]
[Site "Saint Louis"]
[Date "2018.04.23"]
[Round "6"]
[White "Feng, Maggie"]
[Black "Paikidze, Nazi"]
[Result "1/2-1/2"]
[WhiteElo "2243"]
[BlackElo "2352"]
[Annotator "TA"]
[PlyCount "68"]
[EventDate "2018.??.??"]
[EventType "tourn"]
[EventCountry "USA"]
[SourceTitle "playchess.com"]
[Source "ChessBase"]
[SourceQuality "1"]

{[%evp 16,68,22,12,7,0,0,-5,-12,-6,0,-7,-4,-12,-13,-16,-12,-111,-90,-64,-10,-8,-7,-5,0,0,5,0,0,0,6,0,0,0,0,-14,-13,-14,-7,-22,-8,-21,0,-14,0,0,0,0,0,0,0,0,6,0,2]} 1. Nf3 Nf6 2. g3 d5 3. Bg2 e6 4. O-O Be7 5. c4 O-O 6. Ne5 Qd6 7. d4 dxc4 8. Nxc4 {E05: Open Catalan: 5 Nf3 Be7} (8. Na3 Rd8 9. Naxc4 Qa6 10. Qc2 Rxd4 11. Bg5 Nbd7 12. Rfd1 Rxd1+ 13. Rxd1 Nxe5 14. Nxe5 Qa5 15. Bf4 Nd5 {½-½ (54) Kramnik,V (2800)-Mamedyarov,S (2809) Berlin 2018}) 8... Qa6 9. Qb3 {LiveBook: 7 Games} Nc6 {[%cal Bb8c6,Bc6a5,Ba5b3][%mdl 32]} 10. e3 b5 11. Ne5 Bb7 12. Nd3 Na5 $146 ({Predecessor:} 12... Rab8 13. Nd2 Na5 14. Qc2 Bxg2 15. Kxg2 Qb7+ {1-0 (41) Ward,R (2070)-Muzas,K (2086) ICCF email 2011}) 13. Qc2 Bxg2 14. Kxg2 b4 15. Nd2 Rfd8 16. Nb3 (16. b3 $11) 16... Nxb3 $17 17. Qxb3 c5 (17... Rab8 $15) 18. Nxc5 $11 {The position is equal.} Bxc5 19. dxc5 Qc6+ 20. f3 Qxc5 21. e4 Qb5 22. Rf2 a5 23. a4 Qd3 24. Qxd3 Rxd3 25. Bf4 Rc8 26. Rc1 Rxc1 27. Bxc1 {[%mdl 4096] Endgame KRB-KRN} Nd7 28. Rc2 {[#] Hoping for Rc8+.} Kf8 29. Rc8+ Ke7 30. Ra8 Rd1 31. Be3 Rb1 32. Rxa5 Rxb2+ 33. Kh3 Ra2 34. Rb5 Rxa4 {Precision: White = 59%, Black = 66%.} 1/2-1/2

[Event "US-ch Women 2018"]
[Site "Saint Louis"]
[Date "2018.04.25"]
[Round "7"]
[White "Krush, Irina"]
[Black "Foisor, Sabina-Francesca"]
[Result "1/2-1/2"]
[WhiteElo "2422"]
[BlackElo "2308"]
[Annotator "TA"]
[PlyCount "116"]
[EventDate "2018.??.??"]
[EventType "tourn"]
[EventCountry "USA"]
[SourceTitle "playchess.com"]
[Source "ChessBase"]
[SourceQuality "1"]

{[%evp 16,116,26,13,20,17,40,13,15,12,14,0,17,0,14,15,13,7,0,0,0,-10,14,20,5,0,0,0,0,0,0,-10,15,0,0,0,47,0,-4,-6,6,0,0,-25,-15,-47,-43,-52,-16,-21,0,0,0,0,0,-35,-22,-79,-39,-25,-21,-58,-34,-39,0,0,0,-8,0,0,0,0,-8,-8,0,0,0,0,0,0,0,0,0,0,0,0,0,0,0,0,0,0,0,0,0,0,0,0,0,0,0,0,0]} 1. c4 c6 2. d4 d5 3. cxd5 cxd5 4. Nf3 e6 5. Nc3 Nc6 6. Bf4 Bd6 {D10: Slav Defence: 3 cxd5 (without early Nf3) and 3 Nc3} 7. Bxd6 Qxd6 8. e3 Nge7 9. Bd3 {LiveBook: 8 Games} f6 (9... Bd7 10. O-O O-O 11. Nb5 Qb8 12. Qd2 f6 13. Rac1 Be8 14. Nc3 Bh5 15. Be2 Qd6 16. Rfd1 {½-½ (16) Vallejo Pons,F (2711)-Kobalia,M (2628) Tallinn 2016}) 10. O-O O-O 11. Rc1 $146 ({Predecessor:} 11. Qc2 f5 12. Nb5 Qd7 13. a3 {1-0 (46) Braeu,E (1500)-Ludwig,K (1232) Schloss Schney 1997}) 11... Bd7 {[%cal Bc8d7,Bd7e8,Be8h5][%mdl 32]} 12. a3 Be8 13. Qc2 h6 14. b4 {[%cal Bb2b4,Bb4b5][%mdl 32]} Bh5 15. Nd2 e5 16. b5 Na5 17. Qa4 b6 18. Qb4 Rfd8 (18... Qd7 {is interesting.} 19. Nb3 e4 20. Be2 Bxe2 21. Nxe2 Nc4) 19. Qxd6 Rxd6 20. Rfe1 Rdd8 21. Na2 Rac8 22. Nb4 Kf7 23. Bb1 Ke6 24. Ba2 Rxc1 25. Rxc1 Kd6 26. f3 ({Better is} 26. dxe5+ $14 fxe5 27. f3) 26... exd4 $1 $11 27. exd4 Be8 28. a4 Bf7 29. g4 h5 30. Kf2 Be6 31. h3 g5 32. Nf1 Ng6 33. gxh5 Nf4 34. Ng3 Rh8 35. Bb1 Nxh5 36. Nf5+ (36. Bf5 $11) 36... Bxf5 37. Bxf5 Ng7 38. Rc8 Rxc8 39. Bxc8 $15 {[%mdl 4096] Endgame KBN-KNN} Kc7 40. Ba6 $1 {The position is equal.} Kd6 41. f4 Nf5 42. fxg5 fxg5 43. Kf3 Nb3 44. Kg4 Nbxd4 45. Kxg5 Ke5 46. Nc6+ Ke4 47. Nxd4 Nxd4 $11 {KB-KN} 48. h4 Nf3+ 49. Kg4 $1 Ne5+ 50. Kg3 d4 51. Bb7+ Ke3 52. Bd5 d3 {[#] Threatens to win with ...d2.} 53. h5 Kd4 (53... d2 $5 54. Bb3 $8 {[#]} Nf7 $1 $11 {[%mdl 512]}) 54. Bb3 Kc3 55. Bd1 {Hoping for h6.} Kd2 56. Bb3 {h6 is the strong threat.} Kc3 57. Bd1 {Strongly threatening h6.} Kd2 58. Bb3 {aiming for h6.} Kc3 {Precision: White = 57%, Black = 56%.} 1/2-1/2

[Event "US-ch Women 2018"]
[Site "Saint Louis"]
[Date "2018.04.25"]
[Round "7"]
[White "Yu, Jennifer"]
[Black "Feng, Maggie"]
[Result "1-0"]
[WhiteElo "2367"]
[BlackElo "2243"]
[Annotator "TA"]
[PlyCount "117"]
[EventDate "2018.??.??"]
[EventType "tourn"]
[EventCountry "USA"]
[SourceTitle "playchess.com"]
[Source "ChessBase"]
[SourceQuality "1"]

{[%evp 11,116,8,25,-19,11,7,12,0,16,16,5,-20,-18,-40,-16,-19,-1,-6,0,-97,-93,-80,-91,-86,-27,-31,-28,-46,-47,-42,13,-67,0,0,102,103,62,66,117,127,288,295,298,274,876,862,867,858,989,942,1366,1339,1166,766,867,839,949,979,1208,1205,1516,1470,2339,2339,2854,3461,29981,29982,29980,29983,29983,29984,29984,29985,29984,29984,29984,29985,29985,29986,29986,29987,29987,29988,29988,29989,29989,29990,29990,29989,29989,29990,29990,29991,29991,29992,29993,29994,29994,29995,29995,29996,29997,29998,29998,29999,29999]} 1. b4 Nf6 2. Bb2 e6 3. a3 d5 4. Nf3 Bd6 5. e3 Nbd7 6. c4 {A00: Irregular Openings} c6 {LiveBook: 6 Games} 7. Be2 e5 8. d4 $146 {[%cal Rd4e5] The position is equal.} ({Predecessor:} 8. cxd5 cxd5 9. O-O O-O 10. Nc3 a6 11. Qb3 Nb6 12. Na4 Nc4 {1-0 (44) Kutuzov,D (2277)-Burmakin,V (2571) Sochi 2004}) 8... e4 9. Nfd2 $1 Nf8 10. Nc3 Ng6 11. Rc1 O-O 12. O-O Be6 13. b5 Ne8 14. g3 Qg5 15. Qb3 (15. Qa4 $11) 15... h5 $17 16. Ncxe4 dxe4 17. Nxe4 {[#]} Qh6 ({Black should try} 17... Qe7 $1 $17 {Strongly threatening ...cxb5.} 18. Rfd1 h4) 18. f4 $1 $11 {[%cal Rf4f5] Black must now prevent f5.} Ne7 19. Ng5 cxb5 20. Qxb5 a6 (20... h4 $15 21. g4 Nc7) 21. Qa4 {[#]} (21. Qb3 $11) 21... Bc7 (21... b5 $1 $15 22. cxb5 Bd7) 22. e4 Bg4 (22... h4 $11 {remains equal.}) 23. Bxg4 $16 hxg4 24. Qd7 Qb6 (24... Bd8 $14) 25. Rf2 Nc6 $2 (25... Nf6 $16 {was necessary.} 26. Qxe7 Rae8) 26. c5 $18 Qb3 {and if ...Bxf4! works, Black does fine.} 27. d5 Ne5 $2 (27... Bd8 28. dxc6 bxc6 29. Qxg4 Rb8) 28. fxe5 Qe3 29. Qxg4 Bd8 30. h4 {[%cal Bh2h4,Bh4g5][%mdl 32]} Bxg5 31. hxg5 g6 32. Qf4 Qxf4 33. gxf4 {[%cal Bg3f4,Bf4f5,Bf5f6][%mdl 32]} Ng7 34. f5 Rac8 35. f6 Nh5 36. Kg2 Rfe8 {[#]} 37. e6 $1 Kf8 (37... fxe6 38. f7+) 38. e7+ Rxe7 39. fxe7+ {White mates.} Kxe7 40. c6 bxc6 41. Rxc6 Rxc6 42. dxc6 Kd6 43. Rc2 Nf4+ 44. Kf3 Ne6 {[#]} 45. c7 $1 Nxc7 {[#]} 46. Be5+ $1 Kxe5 47. Rxc7 {[%mdl 4096] Endgame KR-K3P} Ke6 48. Rc6+ Ke7 49. Rxa6 {KR-KPP} Kd7 50. Rb6 Kc7 51. Rb1 Kd7 52. a4 Kc7 53. a5 Kd7 54. a6 Kc7 55. a7 Kd7 56. a8=Q Ke7 57. Rb7+ Kd6 58. Qd8+ Kc5 59. Qd5# {Precision: White = 75%, Black = 29%.} 1-0

[Event "US-ch Women 2018"]
[Site "Saint Louis"]
[Date "2018.04.25"]
[Round "7"]
[White "Paikidze, Nazi"]
[Black "Zatonskih, Anna"]
[Result "1/2-1/2"]
[WhiteElo "2352"]
[BlackElo "2444"]
[Annotator "TA"]
[PlyCount "106"]
[EventDate "2018.??.??"]
[EventType "tourn"]
[EventCountry "USA"]
[SourceTitle "playchess.com"]
[Source "ChessBase"]
[SourceQuality "1"]

{[%evp 11,106,-14,-9,-30,-24,-80,-83,-67,-74,-73,-79,-72,-78,-100,-94,-120,-123,-141,-144,-139,-111,-113,-131,-123,-115,-178,-42,-43,-31,-64,-64,-64,-62,-61,-62,-60,-53,-53,-53,-69,-71,-135,-60,-90,-90,-85,-86,-88,-94,-87,-87,-84,-88,-103,-88,-88,-88,-88,-92,-124,-43,-110,-25,-75,-30,-75,-70,-77,0,-57,0,-70,-77,-80,-35,-42,0,-37,-42,-44,-31,-41,-8,-8,-8,-8,-19,-155,-164,-154,0,-18,0,-166,0,-50,0]} 1. d4 d5 2. Nc3 Nf6 3. Bf4 e6 4. Nb5 Na6 5. e3 Be7 (5... c6 6. Nc3 Nc7 7. Nf3 Bd6 8. Ne5 O-O 9. Qf3 Bb4 10. Bd3 Nb5 11. O-O Nxc3 12. bxc3 Bxc3 {0-1 (33) Jobava,B (2690)-Anand,V (2782) Riadh 2017}) 6. Nf3 {D00: 1 d4 d5: Unusual lines} O-O {LiveBook: 21 Games} 7. Ne5 Ne4 $146 ({Predecessor:} 7... c5 8. c3 Bd7 9. a4 Bc6 10. Be2 Nd7 11. O-O Nxe5 12. Bxe5 {1-0 (64) Martinovic,S (2550)-Girya,O (2450) Tallinn 2016}) 8. Bd3 (8. f3 $11 {keeps the balance.} Nd6 9. c3) 8... f6 $1 $17 {[%cal Rf6e5]} 9. Nf3 c6 10. Nc3 Nxc3 $1 11. bxc3 c5 12. h4 Qa5 $36 {[%mdl 2048] Keeping White busy.} 13. Kd2 cxd4 14. exd4 e5 15. dxe5 Nc5 16. Ke2 Bg4 17. Kf1 Nxd3 18. Qxd3 (18. cxd3 $17 Qxc3 19. Rc1) 18... Bxf3 (18... Rac8 $19 19. Bd2 fxe5 20. Nxe5 Bf5) 19. gxf3 $15 Rac8 20. Rd1 Rxc3 21. Qxd5+ Qxd5 22. Rxd5 fxe5 23. Bxe5 Rcxf3 24. Bd4 b6 25. h5 h6 26. Rg1 (26. Kg2 $142) 26... Bg5 ({Better is} 26... Bf6 $17 {Strongly threatening ...Bxd4.} 27. Bxf6 R3xf6) 27. Rdxg5 hxg5 28. Rxg5 {[%mdl 4096] Endgame KRR-KRB} R8f7 29. h6 {[%cal Rh6g7] [#]} g6 $1 {[%mdl 512]} 30. Rxg6+ Kh7 31. Re6 Ra3 32. Ke2 Rd7 33. c3 Rxa2+ 34. Kf3 Ra1 35. Kg2 Rf7 (35... b5 $17 {...b4! is the strong threat.} 36. Be5 Ra3) 36. f4 $1 {[#]} Ra5 ({Much worse is} 36... Rxf4 $6 37. Re7+ Kxh6 38. Be3 $11) (36... Rd1 $1 $17 37. Kg3 Rf1) 37. Be5 Ra2+ 38. Kg3 Ra1 39. Kg2 Ra2+ 40. Kg3 Ra1 41. Kg2 $1 Rd7 {Hoping for ...Rd3.} 42. Kf3 Rh1 43. Re8 Kxh6 44. Rh8+ Rh7 45. Rg8 Re1 {And now ...Rf7 would win.} 46. Bd4 Rd7 47. Rh8+ Kg6 {White must now prevent ...Kf5.} 48. Kg4 $1 Re4 49. Be5 {[#]} (49. Rf8 $11) 49... Re7 $1 $17 {[%cal Re7e5]} 50. Bd4 Rd7 (50... Re8 $17 51. Rh4 Rf8) 51. Be5 $11 Re7 (51... Rd5 $11 52. Bd4 Rd7) 52. Bd4 $1 $19 Rd7 ({Black should play} 52... Re8 $19 53. Rh4 Rf8) 53. Be5 $15 Re7 {Precision: White = 52%, Black = 53%.} 1/2-1/2